Responses for show #2839 - Thursday, December 26, 1996

Contestants

[<< previous game]

Leo Gillis, a recording engineer from Detroit, Michigan

Kecia Lynn, a multimedia consultant from Chicago, Illinois

Jon Woodman, an attorney from Columbus, Ohio (whose 1-day cash winnings total $17,600)

[next game >>]

Jeopardy! Round responses

THE EARLY 1900s
A.K.A.
(also known as)
MISSOURI
WEIGHTS & MEASURES
PIGS
CROSSWORD CLUES "A"
    $100 16
Northwest Passage

Leo
    $100 12
Jean-Claude Van Damme

Jon
    $100 7
Jefferson City

Leo
    $100 26
Pupil

Jon
    $100 6
Sooey!

Leo
    $100 1
April

Leo
    $200 17
South Africa

Jon
    $200 13
Gloria Estefan

Kecia
    $200 8
"The Show-Me State"

Jon
    $200 22
(A: Teeth is right; I was hoping you might say wives!)

Teeth

Jon
    $200 2
Aria

Leo
    $300 19
(J: What is DeSoto?)

Cadillac

JonLeo
    $300 14
(J: Who is Jackie Chang?)

Jackie Chan

JonKecia
    $300 9
Harry Truman (Harry Truman Resevoir)

Triple Stumper
    $300 29
[The end-of-round signal sounds.]

3" x 5"

Jon
    $300 23
Bacon

Jon
    $300 3
Apron

Kecia
    $600 20
(right after the Victorian Age)

The Edwardian Age

Leo
    $400 15
Marky Mark

Leo
    $400 10
Laura Ingalls Wilder

Jon
    $400 28
(J: What is a million?)

Trillion

JonKecia
    $400 24
(and we have about a minute left....)

Boar

Leo
    $400 4
Anopheles

Kecia
    $500 21
Potemkin

Jon
    $500 18
Jennifer Jason Leigh

Leo
    $500 11
(J: What is "union?")

"United we stand, divided we fall"

Jon
Triple Stumper
    $500 27
30

Triple Stumper
    $500 25
Play in the mud

Jon
    $500 5
(K: What is albacore?)

Ahi

Kecia
Triple Stumper

Scores at the first commercial break (after clue 15):

Jon Kecia Leo
-$100 $700 $900

Scores at the end of the Jeopardy! Round:

Jon Kecia Leo
$1,300 $1,100 $2,800

Double Jeopardy! Round responses

EXILES
GRAINS & STAPLES
AMERICAN LIT
BRITISH TV
EUROPEAN CITIES
MUSIC POTPOURRI
    $200 7
Napoleon Bonaparte

Kecia
    $200 12
Rice

Jon
    $200 17
Louisa May Alcott

Jon
    $200 30
"Fawlty Towers"

Jon
    $200 6
Warsaw

Leo
    $200 1
Crescendo

Kecia
    $400 8
Johannes Gutenburg

Kecia
    $400 13
Buckwheat

Jon
    $400 18
L. Frank Baum

Leo
    $400 29
"Absolutely Fabulous"

Jon
    $400 19
(K: What is Edinburgh?)

Glasgow

JonKecia
    $400 2
Mazurka

Kecia
    $600 9
(L: Who is Hosni Mubarak?)

Saddam Hussein

Leo
Triple Stumper
    $600 14
Amino Acids

Kecia
    $600 23
Kurt Vonnegut

Leo
    $600 26
Max Headroom

Kecia
    $600 20
Lillehammer

Jon
    $600 3
(K: Who is Bizet?)

Maurice Ravel

JonKecia
    $800 10
Fulgencio Batista

Kecia
    $800 15
(A: I thought you might get that one!)

Barley

Jon
    $800 24
(and we have less than a minute to go in this round...)

Ira Levin

Triple Stumper
    $800 27
Barbara Woodhouse

Triple Stumper
    $700 21
Ghent

Jon
    $800 4
Jean Sibelius

Kecia
    $700 11
Isabel Allende

Kecia
    $1000 16
(J: What is tricale?)

Triticale

JonKecia
    $1000 25
S.E. Hinton

Kecia
    $1000 28
"The Jewel In The Crown"

Kecia
    $1000 22
Wittenburg

Leo
    $1000 5
Nilsson

Kecia

Scores at the end of the Double Jeopardy! Round:

Jon Kecia Leo
$4,800 $8,800 $4,400

[wagering suggestions for these scores]

Final Jeopardy! Round responses

ASSASSINS
(Major Rathbone was one of the people who accepted President Lincoln's invitation; mostly everyone else had turned him down.)
LeoWho
$4,400
JonWho is Booth?
$4,001
KeciaWho was ?
$4,401
John Wilkes Booth

Final scores:

Jon Kecia Leo
$8,801 $4,399 $0
2-day champion: $26,401 2nd place: Fisher Home Entertainment Center & Berkline Sofa & Loveseat 3rd place: R V Roncato Luggage

Game dynamics:

Coryat scores:

Jon Kecia Leo
$4,900 $9,100 $4,200
20 R
(including 1 DD),
5 W
18 R
(including 1 DD),
3 W
14 R
(including 1 DD),
1 W

Combined Coryat: $18,200

The J! Archive is created by fans, for fans. The Jeopardy! game show and all elements thereof, including but not limited to copyright and trademark thereto, are the property of Jeopardy Productions, Inc. and are protected under law. This website is not affiliated with, sponsored by, or operated by Jeopardy Productions, Inc. Join the discussion at JBoard.tv.